00684nam a22002177a 450000500170000001000150001702000260003203500140005803700090007208200140008110000280009524500310012326000360015427000420019030000200023270000350025276000060028794200250029399900190031895201290033720250328113644.0 aENG-144318 a9789385485220c360.00 aEN-127850 bDBAD a954.0821 aNair, C. Gopalan979999 aThe Moplah Rebellion 1921/ aNew DelhibVoice Of Indiac2020 a2/18, Ansari Road,bNew Delhie110002 a196p.c22cm(Pb) 976691aC, Gopalan NaireAuthor b1 2ddccENh954.08mNAI c210566d210566 001040708NFICaJPbJPd2025-03-28eDBADg360.00l0o954.08 NAIpEN-127850r2025-03-28 00:00:00t1v360.00w2025-03-28yEN